Vývoj aplikačného softvéru na riadenie vstrekolisu pomocou PLC
Saved in:
| Main Author: | |
|---|---|
| Other Authors: | |
| Format: | Manuscript Book |
| Language: | Slovak |
| Published: |
2025
|
| Subjects: | |
| Online Access: | http://is.stuba.sk/zp/portal_zp.pl?podrobnosti=184484 |
| Tags: |
No Tags, Be the first to tag this record!
|
MARC
| LEADER | 00000ntm a22000003a 4500 | ||
|---|---|---|---|
| 001 | stuzp101929 | ||
| 003 | SK-STU | ||
| 005 | 20250614210854.2 | ||
| 007 | ta | ||
| 008 | 150427s2015----xo-----f-mn---000-0-slo-d | ||
| 040 | |a STU |b slo | ||
| 041 | 0 | |a slo | |
| 100 | 1 | |a Graňák, Matej |u 031000 |4 aut |U FEI Fakulta elektrotechniky a informatiky |T FEI Ústav robotiky a kybernetiky |X 111105 |U E011 |Y 356 |7 111105 | |
| 242 | 0 | 1 | |a Development of Application Software for Injection Molding Machine Control Using PLC |y eng |
| 245 | 1 | 0 | |a Vývoj aplikačného softvéru na riadenie vstrekolisu pomocou PLC |
| 260 | |c 2025 | ||
| 650 | 4 | |a HMI |2 eng | |
| 650 | 4 | |a PLC |2 eng | |
| 650 | 4 | |a injection molding machine |2 eng | |
| 650 | 4 | |a safety PLC |2 eng | |
| 650 | 4 | |a bezpečnostné PLC |2 slo | |
| 650 | 4 | |a vstrekovací lis |2 slo | |
| 650 | 4 | |a vstrekolis |2 slo | |
| 650 | 4 | |a HMI |2 slo | |
| 650 | 4 | |a PLC |2 slo | |
| 700 | 1 | |a Körösi, Ladislav |u 031000 |k Z1 |4 ths |U FEI Fakulta elektrotechniky a informatiky |T FEI Ústav robotiky a kybernetiky |X 4960 |U E011 |Y 356 |7 A000004960 | |
| 856 | 4 | |u http://is.stuba.sk/zp/portal_zp.pl?podrobnosti=184484 | |